000 00735nam a22002177a 4500
005 20240530110913.0
008 220326s2008 a f 000 0 ARA d
017 _a2007/14507
_bمصر. دار الكتب
020 _a9775471559
040 _aEG-CaGPL
_cEG-CaGPL
082 0 4 _221
_a792.01\
_bت ل
100 0 _aتوفيق موسى اللوح
245 0 0 _aلغة المسرح بين المكتوب والمنطوق /
_bتوفيق موسى اللوح
250 _aط.1
260 _aالقاهرة :
_bمصر العربية للنشر والتوزيع،
_c2008
300 _a287 ص. ؛
_c24 سم
650 0 7 _2qrmak
_aالمسرح
651 _2qrmak
942 _2ddc
_cBK
999 _c66345
_d66345